Entrepreneurship and small firms. (Record no. 2071)
[ view plain ]
| 000 -LEADER | |
|---|---|
| fixed length control field | 01344nam a22002057a 4500 |
| 020 ## - INTERNATIONAL STANDARD BOOK NUMBER | |
| ISBN | 0077121627 |
| 020 ## - INTERNATIONAL STANDARD BOOK NUMBER | |
| ISBN | 9780077121624 |
| 050 ## - CALL NUMBER | |
| Classification number | HB615 |
| Item number | .D27 |
| 100 ## - AUTHOR | |
| Personal name | Deakins, David |
| 110 ## - AUTHOR | |
| CORPORATE AUTHOR | Mark Freel. |
| 245 ## - TITLE | |
| Title | Entrepreneurship and small firms. |
| Statement of responsibility, etc | David Deakins and Mark Freel. |
| 250 ## - EDITION | |
| Edition statement | 5th ed. |
| 260 ## - PUBLICATION INFORMATION | |
| Place of publication | London : |
| Name of publisher | McGraw-Hill, |
| Year of publication | 2009 |
| 300 ## - DESCRIPTION | |
| Number of Pages | xx, 332 pages : |
| Other physical details | illustrations ; |
| Dimensions | 25 cm |
| 500 ## - NOTES | |
| General note | Includes Index |
| 505 ## - FORMATTED CONTENTS NOTE | |
| Table of Content | Chapter 1: The Entrepreneur: Concepts and Evidence <br/>Chapter 2: Entrepreneurial Activity, The Economy and the Importance of Small Firms <br/>Chapter 3: Diversity in Entrepreneurship: The Role of Women and Ethnic Minorities <br/>Chapter 4: Sources of Finance: Overview of Issues and Bank Finance <br/>Chapter 5: Sources of Venture Finance <br/>Chapter 6: Innovation and Entrepreneurship <br/>Chapter 7: Information and Communications Technologies and E-business<br/>Chapter 8: Entrepreneurial and Growth Firms <br/>Chapter 9: International Entrepreneurship <br/>Chapter 10: Family Businesses <br/>Chapter 11: Social Entrepreneurship <br/>Chapter 12: Issues in Business Start-Up <br/>Chapter 13: Preparation for Business Start-Up: Research, Design and Implementation of Business Plans |
| 650 ## - SUBJECTS | |
| Topical Term | Entrepreneurship. |
| General subdivision | Small business -- Management. |
| 650 ## - SUBJECTS | |
| Topical Term | New business enterprises -- Management. |
| 942 ## - ADDED ENTRY ELEMENTS (KOHA) | |
| Koha item type | Books |
| Withdrawn status | Lost status | Home library | Current library | Shelving location | Date acquired | Full call number | Accession Number | Koha item type |
|---|---|---|---|---|---|---|---|---|
| Methodist University Library Main | Methodist University Library Main | General Stacks | 18/10/2013 | HB615 .D27 | 38567 | Books | ||
| Methodist University Library Tema | Methodist University Library Tema | Reference | 21/04/2015 | HB615 .D27 | 1282 | Books |